| 000 | 00829nam a2200229 i 4500 | ||
|---|---|---|---|
| 001 | 184047 | ||
| 003 | ES-MaACL | ||
| 005 | 20250804161020.0 | ||
| 008 | 150225s2006 sp a |||| ||spa d | ||
| 020 | _a84-7871-756-0 | ||
| 080 | _a316.772.4 | ||
| 100 | 1 |
_aRamon-Cortés, Ferran, _d1962- _9156443 |
|
| 245 | 1 | 3 |
_aLa isla de los 5 faros _b: un recorrido por las claves de la comunicación / _cFerran Ramón-Cortés. |
| 260 |
_aBarcelona : _bRBA Revistas, _c[2006] |
||
| 300 |
_a142 p. : _bil. ; _c21 cm. |
||
| 650 | 0 | 7 |
_aComunicación interpersonal. _911200 |
| 852 |
_aES-MaACL _jA-13421 _9 191013 _bR.150286 _cDEPO1 _dOlim: N-6421 _gDonación: Pilar Fernández |
||
| 903 |
_aFernández Vera, Pilar, _d1961- _ednr _949420 |
||
| 942 |
_2udc _cMONOGRAFIA |
||
| 999 |
_c184047 _d184047 |
||